A soldier's story of the siege of Vicksburg from the diary of Osborn H.Oldroyd (Record no. 108592)
[ view plain ]
| 000 -LEADER | |
|---|---|
| fixed length control field | 01831nam a2200361Ia 4500 |
| 100 1# - MAIN ENTRY--AUTHOR NAME | |
| Personal name | Oldroyd, Osborn H. |
| 245 12 - TITLE STATEMENT | |
| Title | A soldier's story of the siege of Vicksburg from the diary of Osborn H.Oldroyd |
| 260 ## - PUBLICATION, DISTRIBUTION, ETC. (IMPRINT) | |
| Place of publication | Scituate, MA : |
| Name of publisher | Digital Scanning Inc. ; |
| Place of publication | Springfield, Ill. : |
| Name of publisher | s.n., |
| Year of publication | 2009, [c1885] |
| 300 ## - PHYSICAL DESCRIPTION | |
| Number of Pages | viii, 200 p. : |
| Other physical details | ill., port., map. |
| 500 ## - GENERAL NOTE | |
| General note | Includes index. |
| General note | "Appendix J. Army Corps badges": p. 181-194. |
| General note | Re-publication of the historical book in its original form. |
| 650 #0 - SUBJECT ADDED ENTRY--TOPICAL TERM | |
| Topical Term | Soldiers |
| 856 40 - ELECTRONIC LOCATION AND ACCESS | |
| Uniform Resource Identifier | http://site.ebrary.com/lib/rucke/Doc?id=10367644 |
No items available.
